[Event "Østlandsserien 2021/2022, 4. div. D"]
[Site "Nes, Viken NOR"]
[Date "2022.02.06"]
[Round "4"]
[White "Skogholt, Steinar Dieseth"]
[Black "Petersen, Rune J"]
[Result "0-1"]
[WhiteElo "1105"]
[BlackElo "1166"]
[PlyCount "80"]
[EventDate "2021.10.31"]
[WhiteTeam "Nes"]
[BlackTeam "Follo 2"]

1. d4 d5 2. c4 Nf6 3. Nc3 e6 4. g3 Nc6 5. cxd5 exd5 6. e3 Be7 7. Bg2 O-O 8.
Nge2 Be6 9. a3 Qd7 10. Nf4 Na5 11. O-O c6 12. b3 b5 13. Bb2 Nb7 14. b4 Nd6 15.
Nb1 Ng4 16. Nd2 f5 17. Rc1 Rac8 18. h3 Nf6 19. Nb3 Nc4 20. Qc2 Ne4 21. Bxe4
fxe4 22. Kg2 Rxf4 23. exf4 Bxh3+ 24. Kg1 Bxf1 25. Kxf1 e3 26. f3 Qh3+ 27. Ke2
Qg2+ 28. Kd3 Qxf3 29. Qh2 e2+ 30. Kc2 Qe4+ 31. Kc3 e1=Q+ 32. Rxe1 Qxe1+ 33. Kc2
Qe4+ 34. Kc3 Qe3+ 35. Kc2 Nxb2 36. Kxb2 Bf6 37. Qh3 Bxd4+ 38. Nxd4 Qxd4+ 39.
Kc1 Re8 40. Qd7 Re1+ 0-1

[Event "Østlandsserien 2021/2022, 5. div. B"]
[Site "Bærum, Viken NOR"]
[Date "2022.02.06"]
[Round "4"]
[White "Kaewpitakkun, Pantham"]
[Black "Thorvaldsen, Thomas"]
[Result "1-0"]
[WhiteElo "1487"]
[BlackElo "1345"]
[PlyCount "77"]
[EventDate "2021.10.31"]
[WhiteTeam "Dragulf 1"]
[BlackTeam "Follo 3"]

1. e4 e5 2. Nf3 Nc6 3. Bb5 a6 4. Ba4 Nf6 5. d3 b5 6. Bb3 Be7 7. c3 O-O 8. O-O
d6 9. Re1 Bg4 10. h3 Bh5 11. Nbd2 Na5 12. Bc2 c5 13. Nf1 Re8 14. Ng3 Bg6 15. d4
Bf8 16. Nh4 Qd7 17. d5 Nb7 18. Qf3 c4 19. Nhf5 h6 20. Nxh6+ gxh6 21. Qxf6 Bg7
22. Qh4 Kh7 23. Nf5 Bxf5 24. exf5 f6 25. Qh5 Rh8 26. Re3 Kg8 27. a4 Nc5 28.
axb5 Qxb5 29. Rg3 Qe8 30. Rg6 Kf8 31. Qh4 e4 32. Bxh6 Bxh6 33. Qxf6+ Qf7 34.
Qxh8+ Ke7 35. Qxa8 Bf4 36. Qa7+ Nd7 37. Re6+ Kf8 38. f6 Be5 39. Qa8+ 1-0

[Event "Østlandsserien 2021/2022, 5. div. B"]
[Site "Bærum, Viken NOR"]
[Date "2022.02.06"]
[Round "4"]
[White "Skillestad, Sverre"]
[Black "Skramstad, Oda Kofoed"]
[Result "0-1"]
[WhiteElo "1258"]
[BlackElo "1277"]
[PlyCount "59"]
[EventDate "2021.10.31"]
[WhiteTeam "Follo 3"]
[BlackTeam "Dragulf 1"]

1. e4 e5 2. Nf3 Nc6 3. Bc4 Nf6 4. O-O Bc5 5. c3 d6 6. d4 exd4 7. cxd4 Bb6 8.
Bg5 h6 9. Bh4 g5 10. Bg3 O-O 11. Nc3 Bg4 12. d5 Nd4 13. Bd3 Re8 14. Re1 Nd7 15.
Nb5 Nxf3+ 16. gxf3 Bh5 17. b4 a6 18. Nc3 Qf6 19. Rc1 Bxf3 20. Qc2 Ne5 21. a4 h5
22. a5 Ba7 23. b5 h4 24. Bxe5 Rxe5 25. bxa6 bxa6 26. Qa4 Bxf2+ 27. Kf1 h3 28.
Qc6 Rb8 29. Kxf2 Bxe4+ 30. Ke3 0-1

[Event "Østlandsserien 2021/2022, 5. div. B"]
[Site "Bærum, Viken NOR"]
[Date "2022.02.06"]
[Round "4"]
[White "Heibo, Amalie Linnea"]
[Black "Innset-Ekkje, Amandus"]
[Result "1-0"]
[WhiteElo "1161"]
[BlackElo "1110"]
[PlyCount "105"]
[EventDate "2021.10.31"]
[WhiteTeam "Dragulf 1"]
[BlackTeam "Follo 3"]

1. d4 Nf6 2. c4 e6 3. Nc3 Bb4 4. Bg5 Nc6 5. Nf3 O-O 6. e3 h6 7. Bh4 d5 8. cxd5
exd5 9. Bd3 Bg4 10. O-O Be7 11. a3 a5 12. Bc2 Nb8 13. Bxf6 Bxf6 14. Qd3 g6 15.
Qb5 b6 16. Qxd5 Qxd5 17. Nxd5 Bd8 18. Be4 c6 19. Nc3 f5 20. Ne5 Kg7 21. Bxc6
Nxc6 22. Nxc6 f4 23. f3 Bd7 24. Nxd8 Raxd8 25. e4 h5 26. Rad1 h4 27. h3 Rh8 28.
Nd5 Bb5 29. Rfe1 Bc6 30. Nxf4 Kf6 31. d5 Ba4 32. Rd2 g5 33. Ne6 Rd7 34. Nd4 Ke5
35. b3 Bxb3 36. Nxb3 Kf4 37. Nd4 Re8 38. Kf2 Re5 39. Ne6+ Rxe6 40. Rb2 Red6 41.
Reb1 Rb7 42. Rb5 Rc7 43. Rxb6 Rc2+ 44. Ke1 Rxb6 45. Rxb6 Ke3 46. Rb3+ Kf4 47.
d6 Rc8 48. Rb5 Ke3 49. Rb3+ Kf4 50. Rd3 Rd8 51. Rd5 Ke3 52. e5 g4 53. hxg4 1-0

[Event "Østlandsserien 2021/2022, 3. div. B"]
[Site "Ås, Viken NOR"]
[Date "2022.03.06"]
[Round "5"]
[White "Haarr, Jon Kristian"]
[Black "Lange, David"]
[Result "1-0"]
[WhiteElo "2174"]
[BlackElo "1981"]
[PlyCount "149"]
[EventDate "2021.10.31"]
[WhiteTeam "Offerspill 2"]
[BlackTeam "Follo 1"]

1. e4 e5 2. f4 exf4 3. Bc4 d6 4. d4 Qe7 5. Nc3 Nf6 6. Nf3 Bg4 7. Bxf4 Nbd7 8.
O-O O-O-O 9. Qd3 Bxf3 10. Rxf3 Ne5 11. Bxe5 dxe5 12. d5 Qb4 13. Kh1 Bc5 14. Rb1
Ng4 15. a3 Qb6 16. Nd1 Qh6 17. h3 Qh4 18. b4 Bb6 19. Qe2 Nf6 20. Bd3 Nh5 21.
Kh2 Nf4 22. Qf1 Nxd3 23. Qxd3 Qe7 24. c4 Bd4 25. Ne3 Bxe3 26. Qxe3 Kb8 27. Rbf1
Rhf8 28. c5 f6 29. Qf2 Qe8 30. Qh4 h6 31. Qg4 Qd7 32. Qxd7 Rxd7 33. h4 h5 34.
Rf5 Rh8 35. Kh3 Kc8 36. g4 hxg4+ 37. Kxg4 Rdd8 38. Rh5 Kd7 39. Rxh8 Rxh8 40.
Rh1 Ke7 41. h5 Rh6 42. Rh3 Kf7 43. Rd3 Ke7 44. a4 Rh8 45. b5 Kd7 46. Rc3 b6 47.
Rc4 Rh7 48. a5 bxc5 49. Rxc5 Rh8 50. Rc6 Rb8 51. h6 gxh6 52. Rxf6 Rxb5 53. Rxh6
Rxa5 54. Kf5 Ra1 55. Kxe5 a5 56. Rh7+ Kc8 57. Ke6 Re1 58. e5 a4 59. Rh8+ Kb7
60. Rh4 a3 61. Ra4 Re3 62. Kf6 Rf3+ 63. Ke7 Rd3 64. e6 Rxd5 65. Rxa3 Rd1 66.
Ke8 Re1 67. e7 Rf1 68. Rd3 Kc8 69. Rd8+ Kb7 70. Kd7 Rd1+ 71. Ke6 Re1+ 72. Kf6
Rf1+ 73. Kg5 Re1 74. e8=Q Rxe8 75. Rxe8 1-0

[Event "Østlandsserien 2021/2022, 3. div. B"]
[Site "Ås, Viken NOR"]
[Date "2022.03.06"]
[Round "5"]
[White "Aamodt, Peder Marcus"]
[Black "Hagen, Anders Gjerdrum"]
[Result "1/2-1/2"]
[WhiteElo "2001"]
[BlackElo "2171"]
[Annotator "Aamodt, Peder Marcus"]
[PlyCount "87"]
[EventDate "2021.10.31"]
[WhiteTeam "Follo 1"]
[BlackTeam "Offerspill 2"]

1. d4 Nf6 2. c4 e6 3. Nf3 b6 4. g3 Ba6 5. b3 Bb4+ 6. Bd2 Be7 7. Bg2 c6 8. O-O
d5 9. Qc2 Nbd7 10. Bg5 (10. Rd1 {Er veldig interessant} O-O 11. a4 c5 12. Na3)
10... Rc8 11. Nbd2 h6 12. Bxf6 Bxf6 $146 (12... Nxf6 13. e4 O-O 14. Rfd1 $5 Qc7
15. e5 Nd7 16. Qb2 $5) 13. e4 O-O 14. Rfe1 Bb7 15. Qd3 Rc7 16. Rac1 dxe4 17.
Nxe4 c5 $6 (17... Be7 18. Rcd1 Bb4 19. Re2 Qe7 $13) 18. Rcd1 $6 (18. d5 Re8 19.
Rcd1 exd5 20. cxd5 Rc8 {Er klart bedre for hvit}) 18... Bxe4 19. Qxe4 cxd4 20.
Nxd4 Nc5 21. Nxe6 $1 (21. Qe3 {Dette er et helt ok alternativ} Bxd4 22. Rxd4
Rd7 23. Red1 Rxd4 24. Rxd4 Qc7 $14) 21... Qxd1 $6 (21... Nxe4 22. Rxd8 fxe6 23.
Rxf8+ Kxf8 24. Rxe4 {Dette hadde vært en bedre utgave for svart enn det som
skjedde i partiet}) 22. Rxd1 Nxe4 23. Nxc7 Nc3 24. Rd2 Rc8 25. Nd5 Nxd5 26.
Bxd5 $6 {Nå er det ikke mye igjen å kjempe for} (26. cxd5 {Hadde vært et klart
bedre forsøk} Rc1+ 27. Bf1 Bc3 {eneste trekk} 28. Rd3 Kf8 29. Kg2 Ke7 30. d6+
Kd7 31. Rd5 Rc2 32. Bb5+ Kd8 33. a4 Rd2 {Og svart holder remis etter mange
presise trekk}) 26... Re8 27. Rc2 Be7 28. Rd2 (28. Re2 Kf8 29. Bc6 Rc8 30. Bd5
Re8) 28... Bb4 29. Rd3 Bc5 30. Bf3 {Hvit prøver å få til noe, men det ser ikke
lysere ut} g6 31. Rd7 Re7 32. Rd8+ Kg7 33. Kg2 a5 34. Rd2 Bb4 35. Rd5 Re6 36.
Rd7 Bc5 37. Rd2 Bb4 38. Re2 $11 {Det er ikke mulig for hvit å komme seg videre}
Rxe2 39. Bxe2 f5 40. f4 Bc5 41. Kf3 Kf6 42. h3 g5 43. Bd3 Bd6 44. Bc2 1/2-1/2

[Event "Østlandsserien 2021/2022, 3. div. B"]
[Site "Ås, Viken NOR"]
[Date "2022.03.06"]
[Round "5"]
[White "Gvein, Kenneth"]
[Black "Furnes, Torstein"]
[Result "1-0"]
[WhiteElo "2149"]
[BlackElo "1758"]
[PlyCount "53"]
[WhiteTeam "Offerspill 2"]
[BlackTeam "Follo 1"]

1. c4 e5 2. Nc3 Nf6 3. Nf3 Nc6 4. d3 Be7 5. g3 O-O 6. Bg2 d6 7. O-O Bg4 8. h3
Bd7 9. e4 Nd4 10. Nxd4 exd4 11. Ne2 c5 12. f4 Rb8 13. a4 a6 14. a5 b5 15. axb6
Qxb6 16. g4 Bc6 17. Ng3 Rfe8 18. g5 Nd7 19. h4 g6 20. h5 f6 21. Bh3 fxg5 22.
hxg6 hxg6 23. Be6+ Kg7 24. Qg4 Nf6 25. Qxg5 Ng8 26. Nf5+ Kh8 27. Qxg6 1-0

[Event "Østlandsserien 2021/2022, 3. div. B"]
[Site "Ås, Viken NOR"]
[Date "2022.03.06"]
[Round "5"]
[White "Lange, Holger"]
[Black "Vangen, David Luangtep"]
[Result "1-0"]
[WhiteElo "1713"]
[BlackElo "1665"]
[PlyCount "57"]
[EventDate "2021.10.31"]
[WhiteTeam "Follo 1"]
[BlackTeam "Offerspill 2"]

1. e4 e5 2. Nf3 Nc6 3. d4 exd4 4. Bc4 Bc5 5. Ng5 d5 6. Bxd5 Ne5 7. Nxf7 Nxf7 8.
Bxf7+ Kxf7 9. Qh5+ g6 10. Qxc5 Be6 11. Bg5 Qd7 12. Qe5 Ne7 13. Qf6+ Kg8 14.
Qxe7 Qxe7 15. Bxe7 Kf7 16. Bc5 Rad8 17. Nd2 b6 18. Ba3 c5 19. b3 Rhe8 20. O-O-O
h6 21. h3 Ke7 22. Nf3 Rf8 23. Nxd4 Bd7 24. Nf3 a5 25. Rd2 Rf4 26. Re2 Ke6 27.
Rd1 Rdf8 28. Red2 Rd8 29. Rd6+ 1-0

[Event "Østlandsserien 2021/2022, 4. div. D"]
[Site "Ås, Viken NOR"]
[Date "2022.03.06"]
[Round "5"]
[White "Aarnes, Eirik"]
[Black "Johnson, David"]
[Result "1-0"]
[WhiteElo "1970"]
[BlackElo "1667"]
[PlyCount "85"]
[EventDate "2021.10.31"]
[WhiteTeam "Offerspill 5"]
[BlackTeam "Follo 2"]

1. e4 e5 2. Nf3 Nc6 3. Bb5 a6 4. Bxc6 dxc6 5. O-O Bg4 6. h3 Bxf3 7. Qxf3 Bc5 8.
d3 Qf6 9. Qxf6 Nxf6 10. Nd2 O-O-O 11. Nc4 Nd7 12. Be3 f6 13. g3 g5 14. Kg2 h5
15. Rad1 Be7 16. d4 exd4 17. Bxd4 g4 18. hxg4 hxg4 19. Ne3 Rdg8 20. Rh1 Rxh1
21. Rxh1 Bc5 22. c3 Bxd4 23. cxd4 c5 24. d5 b5 25. Rh4 Ne5 26. Rh6 Nd7 27. Rh7
Ne5 28. Nf5 Kd8 29. Ng7 Nd7 30. Ne6+ Kc8 31. Kf1 c4 32. Ke2 b4 33. Ke3 c5 34.
dxc6 Ne5 35. Rc7+ Kb8 36. Rb7+ Kc8 37. Ra7 Nxc6 38. Rc7+ Kb8 39. Rxc6 Kb7 40.
Rxc4 a5 41. Nf4 Re8 42. Nh5 f5 43. Ng7 1-0

[Event "Østlandsserien 2021/2022, 4. div. D"]
[Site "Ås, Viken NOR"]
[Date "2022.03.06"]
[Round "5"]
[White "Moberg, Jan Rune"]
[Black "Kjær, Robin"]
[Result "0-1"]
[WhiteElo "1630"]
[BlackElo "1425"]
[PlyCount "38"]
[EventDate "2021.10.31"]
[WhiteTeam "Follo 2"]
[BlackTeam "Offerspill 5"]

1. c4 Nf6 2. g3 c6 3. Bg2 d5 4. d4 Bf5 5. Nc3 e6 6. a3 Bd6 7. b3 O-O 8. Nf3 h6
9. O-O Nbd7 10. Nd2 e5 11. cxd5 exd4 12. Nce4 Nxe4 13. Nxe4 Bxe4 14. Bxe4 Nf6
15. Qxd4 Re8 16. Bc2 Be5 17. Qd3 Bxa1 18. Bxh6 gxh6 19. Rxa1 Qxd5 0-1

[Event "Østlandsserien 2021/2022, 4. div. D"]
[Site "Ås, Viken NOR"]
[Date "2022.03.06"]
[Round "5"]
[White "Lie, Sven Erik"]
[Black "Thowsen, Alf Geir"]
[Result "0-1"]
[WhiteElo "1103"]
[BlackElo "1366"]
[PlyCount "76"]
[EventDate "2021.10.31"]
[WhiteTeam "Offerspill 5"]
[BlackTeam "Follo 2"]

1. e4 e6 2. Nf3 Nc6 3. d4 d5 4. Nc3 Nf6 5. Bg5 Be7 6. e5 Ne4 7. Nxe4 dxe4 8.
Bxe7 Qxe7 9. Ng1 O-O 10. g3 Rd8 11. Qd2 Rxd4 12. Qe3 Qd8 13. Ne2 Rd7 14. Bg2 b6
15. O-O Bb7 16. Bxe4 Qe7 17. Qc3 Qc5 18. Qxc5 bxc5 19. b3 Rad8 20. a4 Ba8 21.
f4 Ne7 22. Bd3 Nc6 23. Rfd1 Nb4 24. Nc1 Be4 25. c3 Nxd3 26. Nxd3 Rxd3 27. Re1
Bb7 28. Re2 Rxc3 29. Rb1 g6 30. b4 cxb4 31. Rxb4 Rd1+ 32. Re1 Rxe1+ 33. Kf2 Rd1
34. Rxb7 Rd2+ 35. Ke1 Rxh2 36. Kd1 Ra3 37. Rxc7 Ra1+ 38. Rc1 Rxc1+ 0-1

[Event "Østlandsserien 2021/2022, 5. div. B"]
[Site "Ås, Viken NOR"]
[Date "2022.03.06"]
[Round "5"]
[White "Bruvold, Cathrine"]
[Black "Brenden, Torbjørn"]
[Result "0-1"]
[WhiteElo "1257"]
[BlackElo "1587"]
[PlyCount "96"]
[EventDate "2021.10.31"]
[WhiteTeam "Offerspill 6"]
[BlackTeam "Follo 3"]

1. d4 Nf6 2. c4 e6 3. Nc3 d5 4. cxd5 exd5 5. Bg5 Be7 6. e3 O-O 7. Bd3 Nbd7 8.
Nf3 c6 9. O-O Re8 10. Qc2 h6 11. Bh4 Nf8 12. Ne5 Ng4 13. Bg3 Nxe5 14. Bxe5 f6
15. Bg3 Bg4 16. f3 Bh5 17. e4 Bg6 18. Ne2 Bf7 19. e5 fxe5 20. Bxe5 Bd6 21. f4
Be7 22. Rf3 Bf6 23. Raf1 Rc8 24. Qb3 b6 25. Ba6 Rc7 26. Bxc7 Qxc7 27. Qc2 Ne6
28. Rd1 b5 29. Bxb5 cxb5 30. Rc3 Qb6 31. Rc8 Nxd4 32. Rxe8+ Bxe8 33. Nxd4 Bxd4+
34. Kh1 Qe6 35. h3 Bf6 36. Qd2 d4 37. Re1 Qd7 38. g4 Bf7 39. b3 Qc6+ 40. Kh2 g5
41. Rf1 Qd6 42. Kg1 d3 43. Rf3 Qd4+ 44. Kh2 gxf4 45. Rxd3 Qe4 46. Qd1 Bh4 47.
Qf1 Bd5 48. Kg1 Qh1# 0-1

[Event "Østlandsserien 2020/2021, 4. div. E"]
[Site "Nes, Viken NOR"]
[Date "2020.11.01"]
[Round "1"]
[White "Skillestad, Sverre"]
[Black "Andresen, Marcus Thøger"]
[Result "0-1"]
[WhiteElo "1279"]
[BlackElo "1535"]
[Annotator "Lea,Per"]
[PlyCount "64"]
[EventDate "2020.11.01"]
[WhiteTeam "Follo 2"]
[BlackTeam "Nes"]

1. e4 e5 2. Nf3 Nf6 3. Nxe5 d6 4. Nf3 Nxe4 5. Nc3 Nxc3 6. dxc3 Be7 7. Bc4 O-O
8. Be3 c6 9. Bb3 d5 10. Qd2 a5 11. a4 Bf6 12. h4 Be6 13. O-O-O Nd7 14. Ng5 Qe7
15. Qd3 g6 16. Nxe6 fxe6 17. c4 Ne5 18. Qe2 dxc4 19. Bxc4 Nxc4 20. Qxc4 Rfd8
21. Rxd8+ Rxd8 22. h5 Rd5 23. hxg6 hxg6 24. Qg4 Qf7 25. Rh6 g5 26. f4 b5 $2 (
26... Bxb2+ $1 27. Kxb2 Qg7+) 27. fxg5 Bxg5 28. Qxe6 $2 (28. Kb1 $1 {vinner
for hvit!}) 28... Bxe3+ 29. Kb1 Bxh6 30. Qc8+ Kh7 31. Qg4 Qf1+ 32. Ka2 Qc4+ 0-1

[Event "Østlandsserien 2020/2021, 4. div. E"]
[Site "Nes, Viken NOR"]
[Date "2020.11.01"]
[Round "1"]
[White "Limkjær, Martin"]
[Black "Skogholt, Steinar Dieseth"]
[Result "1-0"]
[WhiteElo "1143"]
[BlackElo "1103"]
[PlyCount "63"]
[EventDate "2020.11.01"]
[WhiteTeam "Follo 2"]
[BlackTeam "Nes"]

1. e4 c5 2. Nc3 Nc6 3. Bc4 g6 4. Nge2 Bg7 5. O-O e5 6. d3 Nge7 7. Bg5 h6 8. Be3
d6 9. h3 a6 10. a3 f5 11. Nd5 f4 12. Bd2 g5 13. f3 h5 14. Qe1 Nxd5 15. exd5 Nd4
16. Nxd4 cxd4 17. c3 dxc3 18. Bxc3 g4 19. Kh2 Bf6 20. Qe4 Kf7 21. d4 Qe7 22.
Rae1 exd4 23. Qxf4 dxc3 24. Rxe7+ Kxe7 25. Qe3+ Kd8 26. bxc3 Rf8 27. Qh6 Ke7
28. Re1+ Be5+ 29. f4 Rf6 30. Qg5 Bd7 31. fxe5 Raf8 32. exf6+ 1-0

[Event "Østlandsserien 2019/2020, 3. div. C"]
[Site "Oslo NOR"]
[Date "2019.11.03"]
[Round "1"]
[White "Johansen, Anders Sten"]
[Black "Gaudernack, Henrik"]
[Result "1/2-1/2"]
[WhiteElo "1841"]
[BlackElo "1561"]
[PlyCount "62"]
[EventDate "2019.11.03"]
[WhiteTeam "Follo 1"]
[BlackTeam "SK 1911 4"]

1. Nf3 d5 2. g3 Nf6 3. Bg2 e6 4. O-O Be7 5. d3 O-O 6. Nbd2 Nbd7 7. Re1 c5 8. e4
dxe4 9. dxe4 Rb8 10. Qe2 b5 11. e5 Nd5 12. Ne4 c4 13. Bg5 f6 14. exf6 N7xf6 15.
Nxf6+ Bxf6 16. Bxf6 Qxf6 17. c3 Rb6 18. Ne5 Rd6 19. f4 Rfd8 20. Be4 Qh6 21. Ng4
Qh5 22. Rad1 Qf7 23. Ne5 Qc7 24. h4 Bb7 25. Bc2 Qc5+ 26. Kh2 Nf6 27. Rxd6 Rxd6
28. Rd1 Rxd1 29. Bxd1 Qd5 30. Qf3 Qd2+ 31. Qe2 Qd5 1/2-1/2

[Event "Østlandsserien 2019/2020, 3. div. C"]
[Site "Oslo NOR"]
[Date "2019.11.03"]
[Round "1"]
[White "Vogt-Østli, Albert"]
[Black "Furnes, Torstein"]
[Result "1/2-1/2"]
[WhiteElo "1355"]
[BlackElo "1789"]
[Annotator "Furnes, Torstein"]
[PlyCount "143"]
[EventDate "2019.11.03"]
[WhiteTeam "SK 1911 4"]
[BlackTeam "Follo 1"]

1. e4 c5 2. Nf3 Nc6 3. d4 cxd4 4. Nxd4 e5 5. Nf3 Nf6 6. Nc3 Bb4 7. Bd2 Bxc3 8.
Bxc3 Nxe4 9. Qd3 Nxc3 10. Qxc3 O-O 11. O-O-O d5 {Så langt har vi fulgt partiet
Povl Kristensen - Bent Larsen (2535), spilt i 1992.} 12. Kb1 ({Partiet
Kristensen-Larsen fortsatte} 12. Bb5 d4 13. Qc5 Qa5 14. Qc4 Be6 15. Qa4 Qxa4
16. Bxa4 f6 {og Bent Larsen vant partiet etter 38 trekk.}) 12... d4 13. Qc5 Qf6
14. Bc4 Bg4 15. Bd5 Rfe8 16. h3 Bd7 17. Rhe1 Rac8 18. Be4 b6 19. Qc4 Na5 20.
Qd3 h6 21. g4 Ba4 22. b3 Rc3 23. Qe2 Bc6 $2 24. Nxe5 $2 $19 ({Fritz vil spille
} 24. Bxc6 Nxc6 25. Nxd4 $1 Nxd4 26. Rxd4 Rxh3 27. f4 exd4 28. Qxe8+ Kh7 29.
Qe4+ g6) 24... Bxe4 $2 $11 ({Svart vinner materiell etter} 24... Rxe5 25. Bh7+
Kxh7 26. Qxe5 Qxe5 27. Rxe5 Bg2) 25. Qxe4 Qxf2 26. Re2 Qg3 27. Qxd4 Nc6 28.
Nxc6 Rxe2 29. Qd8+ Kh7 30. Ne7 Rxe7 31. Qxe7 Rc7 32. Qe4+ g6 33. Qd3 Qxd3 34.
Rxd3 f5 35. gxf5 gxf5 36. Kc1 Kg6 37. Kd1 Kg5 38. c4 Re7 39. b4 Re4 40. Rc3 f4
41. c5 bxc5 42. bxc5 Re7 43. c6 Rc7 44. Ke2 Kh4 $2 45. Kf3 Kg5 46. h4+ $16 (46.
Rc5+ Kf6 47. Kxf4 $18 {er sterkere.}) 46... Kf5 47. Rc5+ Ke6 48. Kxf4 Kf6 $2
$18 (48... Kd6 {er eneste trekk ifølge Fritz}) 49. h5 Ke6 50. Ke4 Kd6 51. Rc3 (
51. Kd4 {er sterkere.}) 51... Ke6 ({Her kunne svart benyttet muligheten til å
bruke kongen til å blokkere c-bonden istedenfor tårnet:} 51... Re7+ 52. Kf5 Kc7
) ({Men det aller beste er å spille} 51... Rxc6 $3 52. Rxc6+ Kxc6 {som kan se
fryktelig farlig ut for svart, men er faktisk teoretisk remis ifølge
sluttspilldatabaser ! Se analysevariant etter trekk 54.}) 52. Rg3 Rxc6 53. Rg6+
Kd7 {Diagram [#]} 54. Kd5 ({Her var bakspillerne helt sikre på at hvit vinner
greit etter tårnbytte.} 54. Rxc6 Kxc6 {Fritz viser da også hvit fordel på ca
+6 etter både 55.Kf5, 55.Ke5 og 55.Kf4. Men sluttspilldatabaser har fasiten:
Stillingen er remis !! F.eks.} 55. Kf5 Kd7 56. Kg6 Ke7 57. Kxh6 Kf6 58. Kh7 Kf7
{og det er etterhvert åpenbart at hvit ikke klarer å få h-bonden inn til
dronning. Han må oppgi h-bonden og håpe på a-bonden. Men svart rekker å stanse
a-bonden også. F. eks.} 59. h6 Kf8 60. Kg6 Kg8 61. Kf6 Kh7 62. Ke6 Kxh6 63. Kd6
Kg6 64. Kc6 Kf6 65. a4 Ke6 66. a5 a6 67. Kb6 Kd6 68. Kxa6 Kc7 69. Ka7 Kc8 70.
a6 Kc7 71. Ka8 Kc8 {Remis}) 54... Rxg6 55. hxg6 Ke7 {Nå er stillingen død
remis. Først forsvinner g- og h-bøndene fra brettet. Deretter er det umulig
for noen å vinne med randbonde når motpartens konge rekker fram til
forvandlingsfeltet.} 56. Ke5 h5 57. Kf5 h4 58. Kg4 Kf6 59. Kxh4 Kxg6 60. Kg4
Kf6 61. Kf4 Ke6 62. Ke4 Kd6 63. Kd4 Kc6 64. Kc4 Kb6 65. Kb4 a5+ 66. Kc4 Kc6 67.
a4 Kb6 68. Kd5 Kb7 69. Kc5 Ka6 70. Kc6 Ka7 71. Kb5 Kb7 72. Kxa5 1/2-1/2

[Event "Østlandsserien 2019/2020, 3. div. C"]
[Site "Oslo NOR"]
[Date "2019.11.03"]
[Round "1"]
[White "Lea, Per"]
[Black "Lazareva, Emilie"]
[Result "0-1"]
[WhiteElo "1753"]
[BlackElo "1327"]
[Annotator "Lea, Per"]
[PlyCount "56"]
[EventDate "2019.11.03"]
[WhiteTeam "Follo 1"]
[BlackTeam "SK 1911 4"]

1. e4 e5 2. Nf3 Nc6 3. Bb5 a6 4. Ba4 Nf6 5. O-O b5 6. Bb3 Bc5 7. c3 d6 8. Re1
$2 ({Bedre} 8. d4 Bb6 9. a4 Rb8 10. Bg5) 8... Bg4 9. d3 h6 10. Be3 $2 (10. Nbd2
{og}) (10. h3 {var to bedre alternativ}) 10... Bxe3 11. Rxe3 O-O 12. h3 Bh5 13.
g4 Bg6 14. Nh4 Ne7 15. Nf5 Re8 16. Nd2 Qd7 17. Nf3 Nxf5 18. gxf5 ({Fristende
med en halvåpen linje inn mot svarts konge, men} 18. exf5 Bh7 {er nok bedre.})
18... Bh5 19. Kg2 $2 (19. Kh2 {er bedre - noe svart også påpekte etter partiet.
Men jeg var oppsatt på å ha tilstrekkelig med gardering av springeren, også
etter noen bondebrudd i sentrum. Men i ettertid ser det ut til at jeg så syner
på høylys dag.}) 19... d5 20. Qf1 {Enda et dårlig valg} ({Men jeg så da i
hvert fall varianten} 20. Qd2 $4 dxe4 21. dxe4 $4 Bxf3+ 22. Rxf3 Qxd2) (20. Qc2
{og de flests andre dronningtrekk blir besvart med 20...c5 og hvit sliter})
20... Qc6 ({Diagonalen innmot kongen kan bli skummel, men også her var} 20...
c5 {sterkt}) 21. Nd2 {Endelig et trekk som var Stockfish's førstevalg. En
mager trøst ...} Rad8 {Veldig naturlig, men Stockfish vil heller innrømme at
det siste dronningtrekket var dårlig og trekke madam'en tilbake til d7} 22. Bd1
(22. Kh2 {Kunne kanskje bydd på litt motspill, siden} dxe4 {ikke er så veldig
godt på grunn av} 23. Qg2 Kh8 24. Rg1 Rg8 25. Nxe4 Nxe4 26. Qxe4 Qxe4 27. Rxe4
Rxd3 28. Rxe5 Rd2 29. Rg2 Rxb2 30. f6 Bf3 31. fxg7+ Rxg7 32. Rxg7 Kxg7 33. Kg3
Be2 34. Rc5 $11) 22... dxe4 23. Nxe4 Bxd1 24. Rxd1 Nd5 25. Ree1 Nf4+ {Den ekle
springeren truer litt for mange viktige felter. "Mitt kongerike for en hvit
løper på c1!"} 26. Kh2 Qd7 27. f6 g6 {Kveler stort sett alle hvite forsøk på å
komplisere spillet} 28. Qg1 $4 {En klar kandidat til tittelen "Rundens bukk!"}
(28. Re3 {er kanskje det "beste" av mange håpløse alternativer. Fire svake
hvite bønder går en dyster framtid i møte.}) 28... Qxh3# {Og dermed var det i
det miste en svak bonde mindre...} 0-1

[Event "Østlandsserien 2019/2020, 3. div. C"]
[Site "Oslo NOR"]
[Date "2019.11.03"]
[Round "1"]
[White "Buxrud, Fredrik Berg"]
[Black "Berg-Olsen, Henrik Seljeset"]
[Result "1-0"]
[WhiteElo "1209"]
[BlackElo "1583"]
[PlyCount "27"]
[EventDate "2019.11.03"]
[WhiteTeam "SK 1911 4"]
[BlackTeam "Follo 1"]

1. e4 c5 2. Nf3 Nc6 3. d4 cxd4 4. Nxd4 Nxd4 5. Qxd4 a6 6. g3 e6 7. Bg2 Rb8 8.
Nc3 b5 9. Bf4 d6 10. O-O e5 11. Bxe5 dxe5 12. Qxe5+ Ne7 13. Qxb8 Nc6 14. Qf4
1-0

[Event "Østlandsserien 2019/2020, 4. div. D"]
[Site "Oslo NOR"]
[Date "2019.11.03"]
[Round "1"]
[White "Andersen, Odd"]
[Black "Jørgensen, Asle"]
[Result "1/2-1/2"]
[WhiteElo "1745"]
[BlackElo "1637"]
[Annotator "Lea, Per"]
[PlyCount "112"]
[EventDate "2019.11.03"]
[WhiteTeam "Follo 2"]
[BlackTeam "Kampen 2"]

1. e4 c5 2. Nf3 Nc6 3. Bb5 Nd4 4. Bc4 d6 5. c3 Nxf3+ 6. Qxf3 Nf6 7. O-O e5 8.
h3 Bd7 9. a4 a6 10. a5 Bb5 11. Qe2 Bxc4 12. Qxc4 g5 13. Qe2 h6 14. d3 Qd7 15.
Kh2 Be7 16. Be3 d5 17. exd5 Nxd5 18. Bxc5 O-O-O 19. Bxe7 Qxe7 20. g3 f5 21. Re1
Rhe8 22. Na3 Qc5 23. Nc4 e4 24. dxe4 Rxe4 25. Ne3 Rde8 26. b4 Qf8 27. Qd3 Nxe3
28. Rxe3 Rxe3 29. fxe3 Rd8 30. Qe2 Qd6 31. Rc1 Qd2 32. Rc2 Qxe2+ 33. Rxe2 Rd3
34. Kg2 Rxc3 35. e4 fxe4 36. Rxe4 Rb3 37. h4 gxh4 38. Rxh4 Kd8 39. Kh3 Ke8 40.
Rf4 Ke7 41. Kg4 h5+ 42. Kh4 Ke6 43. Re4+ Kd6 44. Rf4 Kc6 45. Rf6+ Kd7 46. Rb6
Kc7 47. Rh6 Rxb4+ 48. Kxh5 Rb5+ 49. Kg6 Rxa5 50. g4 Ra1 51. g5 Rg1 52. Kf5 a5
53. g6 {De følgende trekkene er usikre - for å tolke noteringsskjemaet trenger
vi en egyptolog som kan lese hieroglyfer. Men det er temmelig sikkert at hvit
hadde en klar vinststilling (ca 55 "bønder" over!), men de svarte fribøndene
og kongen kom plutselig for langt fram.} Rxg6 $4 (53... a4 {er remis i flg
Stockfish}) 54. Kxg6 a4 55. Kf6 $4 Kc6 56. Ke5+ Kc5 1/2-1/2